[Event "Ports Lge"]
[Site "?"]
[Date "1982.??.??"]
[Round "?"]
[White "Brameld, Arthur F"]
[Black "Welch, Ian"]
[Result "0-1"]
[WhiteElo "2150"]
[BlackElo "2165"]
[PlyCount "76"]
[EventDate "1982.??.??"]
[EventType "swiss"]

1. e4 c5 2. Nf3 d6 3. d4 cxd4 4. Qxd4 Bd7 5. c4 Nc6 6. Qd2 g6 7. b3 Bh6 8. Qc3 Qa5 9. Qxa5 Nxa5 10. Bb2 Nf6 11. Bxf6 exf6 12. Nc3 O-O 13. Bd3 Nc6 14. Rd1 Bg4 15. Be2 Bg7 16. Nd5 Rae8 17. Ne3 Bc8 18. O-O Rxe4 19. Rxd6 f5 20. Ng5 Ree8 21. Bf3 Nd4 22. Rd1 h6 23. Nh3 g5 24. Bh5 Re4 25. Nd5 Be6 26. Bf3 Nxf3+ 27. gxf3 Rh4 28. Kg2 Be5 29. Ne7+ Kg7 30. Rd8 g4 31. Ng1 Rxh2+ 32. Kf1 Rxd8 33. Rxd8 Bf6 34. Re8 Bh4 35. Ne2 Rxf2+ 36. Ke1 Rxf3+ 37. Kd1 g3 38. Kc2 g2 0-1

[Event "CoshCh"]
[Site "?"]
[Date "1982.??.??"]
[Round "?"]
[White "Bryan, Colin"]
[Black "Brameld, Arthur F"]
[Result "0-1"]
[WhiteElo "1855"]
[BlackElo "2150"]
[PlyCount "58"]
[EventDate "1982.??.??"]
[EventType "swiss"]

1. d4 f5 2. Bg5 g6 3. e3 Bg7 4. c4 c5 5. Nf3 Nf6 6. Nc3 Ne4 7. Nxe4 fxe4 8. Nd2 cxd4 9. exd4 Bxd4 10. Nxe4 Qa5+ 11. Qd2 Qxd2+ 12. Kxd2 Bxb2 13. Re1 Ba3 14. Nf6+ Kf7 15. Nd5 Nc6 16. Re3 Bd6 17. Rf3+ Kg7 18. c5 Bxc5 19. Rh3 h6 20. Nc7 Rb8 21. Bf4 d6 22. Rf3 Nd4 23. Re3 e5 24. Rxe5 dxe5 25. Bxe5+ Kh7 26. Nd5 Nc6 27. Nf6+ Kg7 28. Nh5+ Kf7 29. Bxh8 gxh5 0-1

[Event "Ports Lge"]
[Site "?"]
[Date "1982.??.??"]
[Round "?"]
[White "Wells, Peter K"]
[Black "Brameld, Arthur F"]
[Result "1-0"]
[WhiteElo "2285"]
[BlackElo "2150"]
[PlyCount "63"]
[EventDate "1982.??.??"]
[EventType "swiss"]

1. d4 d5 2. Nf3 Nf6 3. c4 c6 4. Nc3 e6 5. e3 Nbd7 6. Bd3 dxc4 7. Bxc4 b5 8. Bd3 a6 9. e4 c5 10. d5 e5 11. b3 Bd6 12. O-O O-O 13. a4 c4 14. bxc4 b4 15. Ne2 Nc5 16. Ng3 Bg4 17. h3 Bxf3 18. Qxf3 Nb3 19. Nf5 Nxa1 20. Bh6 g6 21. Rxa1 Re8 22. Nxd6 Qxd6 23. c5 Qd8 24. d6 Nh5 25. Bc4 Qf6 26. Rd1 Nf4 27. g3 Nh5 28. Qxf6 Nxf6 29. c6 Red8 30. c7 Rd7 31. Bxa6 Nxe4 32. Bb7 1-0

[Event "HLge"]
[Site "?"]
[Date "1982.??.??"]
[Round "?"]
[White "Brameld, Arthur F"]
[Black "Martin, J."]
[Result "1-0"]
[WhiteElo "2150"]
[BlackElo "2760"]
[PlyCount "39"]
[EventDate "1982.??.??"]
[EventType "swiss"]

1. e4 e5 2. f4 d6 3. Nf3 Nc6 4. Bc4 Bg4 5. c3 Nf6 6. h3 Bxf3 7. Qxf3 Be7 8. O-O exf4 9. d4 O-O 10. Bxf4 h6 11. Nd2 Nh7 12. Rae1 Ng5 13. Qg4 g6 14. h4 h5 15. Qg3 Ne6 16. Bxe6 Bxh4 17. Qxg6+ Kh8 18. Qxh5+ Kg7 19. Bh6+ Kg8 20. Qg6+ 1-0

[Event "HLge"]
[Site "?"]
[Date "1982.??.??"]
[Round "?"]
[White "Simmonds, C."]
[Black "Brameld, Arthur F"]
[Result "0-1"]
[WhiteElo "2780"]
[BlackElo "2150"]
[PlyCount "68"]
[EventDate "1982.??.??"]
[EventType "swiss"]

1. d4 f5 2. c4 Nf6 3. Nc3 g6 4. Nf3 Bg7 5. g3 d6 6. Bg2 O-O 7. Qc2 c6 8. O-O Qc7 9. Bd2 e5 10. e3 e4 11. Ne1 Be6 12. b3 Nbd7 13. f3 exf3 14. Nxf3 Kh8 15. Ng5 Bg8 16. Ne2 Rae8 17. Rac1 Re7 18. Nf4 Bh6 19. Ngh3 Rfe8 20. e4 g5 21. Nxg5 Bxg5 22. exf5 Ne4 23. Bxe4 Rxe4 24. Ne6 Bxe6 25. Qxe4 Bxd2 26. fxe6 Bxc1 27. Rf7 Nf6 28. Qf5 Qd8 29. Rxf6 Be3+ 30. Kg2 Bxd4 31. Rf7 Bg7 32. Qg4 Rg8 33. e7 Qe8 34. Qg5 Qxf7 0-1

[Event "CoshCh"]
[Site "?"]
[Date "1982.??.??"]
[Round "?"]
[White "Brameld, Arthur F"]
[Black "Gibson, Dave"]
[Result "1-0"]
[WhiteElo "2150"]
[BlackElo "1840"]
[PlyCount "61"]
[EventDate "1982.??.??"]
[EventType "swiss"]

1. e4 e6 2. d4 d5 3. Nc3 Bb4 4. Nge2 dxe4 5. a3 Be7 6. Nxe4 Nc6 7. Be3 Nf6 8. Qd3 Nxe4 9. Qxe4 f5 10. Qf3 Bf6 11. O-O-O Ne7 12. Nf4 Nd5 13. Nh5 Nxe3 14. Nxf6+ Qxf6 15. Qxe3 O-O 16. Qe5 c6 17. Bc4 b5 18. Bb3 Qe7 19. Rhe1 Rf6 20. d5 c5 21. d6 Qd7 22. Qxc5 Bb7 23. Qc7 Bc6 24. Rxe6 Rxe6 25. Bxe6+ Qxe6 26. Qxc6 Rc8 27. Qd5 Kf7 28. Qxb5 Kf6 29. d7 Rd8 30. Qd5 Ke7 31. Qxe6+ 1-0

[Event "CoshCh"]
[Site "?"]
[Date "1982.??.??"]
[Round "?"]
[White "Langley, Arthur"]
[Black "Brameld, Arthur F"]
[Result "0-1"]
[WhiteElo "1630"]
[BlackElo "2150"]
[PlyCount "122"]
[EventDate "1982.??.??"]
[EventType "swiss"]

1. Nf3 f5 2. d4 g6 3. g3 Bg7 4. Bg2 Nf6 5. Nbd2 O-O 6. O-O d6 7. c3 c6 8. Re1 Kh8 9. Qb3 Qb6 10. Ng5 Qxb3 11. Nxb3 h6 12. Nf3 Ne4 13. Nfd2 d5 14. f3 Nd6 15. f4 Ne4 16. Nxe4 fxe4 17. Nd2 b6 18. e3 c5 19. a4 Ba6 20. b4 cxb4 21. cxb4 Bd3 22. Ba3 Nc6 23. Nb3 Bc2 24. b5 Bxb3 25. bxc6 Rfc8 26. Rac1 Rc7 27. Bh3 Bxa4 28. Bd7 Bf6 29. Re2 Rd8 30. Ra2 Bb3 31. Raa1 Bc4 32. Bb4 Rdxd7 33. cxd7 Rxd7 34. Be1 e6 35. h4 Bd8 36. g4 a5 37. g5 h5 38. Bc3 Ra7 39. Bb2 b5 40. Ba3 Bb6 41. Bd6 b4 42. Bb8 Ra6 43. Bd6 Ra7 44. Kf2 Kg8 45. Ra4 Kf7 46. Ke1 Ke8 47. Kd2 Kd7 48. Bc5 Kc6 49. Bxb6 Kxb6 50. Rb1 Bb5 51. Raa1 Rc7 52. Rb2 Rc3 53. Re1 Bc4 54. Rc2 Rd3+ 55. Kc1 a4 56. Rd2 a3 57. Rxd3 Bxd3 58. Kd2 a2 59. Ra1 Bb1 60. Kc1 Kb5 61. Kb2 Kc4 0-1

[Event "Hereford"]
[Site "?"]
[Date "1982.??.??"]
[Round "1"]
[White "Brameld, Arthur F"]
[Black "Exton, A."]
[Result "1/2-1/2"]
[WhiteElo "2200"]
[BlackElo "1880"]
[PlyCount "78"]
[EventDate "1982.??.??"]
[EventType "simul"]
[EventRounds "5"]

1. e4 e5 2. f4 Qh4+ 3. g3 Qe7 4. fxe5 d6 5. exd6 Qxe4+ 6. Qe2 Qxe2+ 7. Nxe2 Bxd6 8. Nbc3 Bd7 9. Bg2 Bc6 10. Nd5 Ne7 11. Nec3 Na6 12. O-O Nxd5 13. Nxd5 Bc5+ 14. d4 Bxd4+ 15. Kh1 Rd8 16. c4 f6 17. Bf4 Kf7 18. Rae1 Rhe8 19. b4 b5 20. Rd1 Be5 21. a4 Kf8 22. cxb5 Bxd5 23. Bxd5 Nxb4 24. Bb3 Bxf4 25. Rxd8 Rxd8 26. Rxf4 c5 27. Rc4 Rd3 28. Bc2 Ra3 29. Bxh7 Rxa4 30. Rxc5 Ra5 31. Rc8+ Kf7 32. Rc7+ Kf8 33. Rb7 Nd5 34. Kg2 a6 35. bxa6 Rxa6 36. Bg6 f5 37. Rf7+ Kg8 38. Rd7 Rxg6 39. Rxd5 f4 1/2-1/2

[Event "Hereford"]
[Site "?"]
[Date "1982.??.??"]
[Round "2"]
[White "Sharp, B."]
[Black "Brameld, Arthur F"]
[Result "0-1"]
[WhiteElo "1940"]
[BlackElo "2200"]
[PlyCount "73"]
[EventDate "1982.??.??"]
[EventType "simul"]
[EventRounds "5"]

1. Nc3 d5 2. d4 Bf5 3. f3 Nf6 4. Bg5 Nbd7 5. Nxd5 Nxd5 6. e4 h6 7. Bh4 Ne3 8. Qe2 Nxf1 9. exf5 Nxh2 10. Rxh2 Nb6 11. c3 Qd5 12. g4 O-O-O 13. Qe4 Nc4 14. Re2 h5 15. Qxd5 Rxd5 16. b3 Nd6 17. Bf2 b5 18. a4 a6 19. axb5 axb5 20. Re5 e6 21. fxe6 fxe6 22. gxh5 Kb7 23. Rxe6 Rhxh5 24. Rc1 Rdg5 25. c4 bxc4 26. bxc4 Rh2 27. c5 Nb5 28. c6+ Ka6 29. Re8 Bb4+ 30. Kf1 Rgg2 31. Be3 Nc3 32. Re5 Ra2 33. Re8 Kb5 34. d5 Kc4 35. Rb8 Ba3 36. Re1 Nxd5 37. Rbb1 0-1

[Event "Hereford"]
[Site "?"]
[Date "1982.??.??"]
[Round "3"]
[White "Brameld, Arthur F"]
[Black "White, I."]
[Result "1/2-1/2"]
[WhiteElo "2200"]
[BlackElo "1950"]
[PlyCount "67"]
[EventDate "1982.??.??"]
[EventType "simul"]
[EventRounds "5"]

1. e4 e6 2. d4 d5 3. Nc3 Bb4 4. Nge2 dxe4 5. a3 Be7 6. Nxe4 Nf6 7. N2c3 Nbd7 8. Be3 Nxe4 9. Nxe4 Nf6 10. Nxf6+ Bxf6 11. g3 O-O 12. Bg2 c5 13. c3 cxd4 14. Bxd4 Bxd4 15. Qxd4 Qxd4 16. cxd4 Rd8 17. O-O Bd7 18. Rac1 Bb5 19. Rfd1 Rd7 20. Rc5 Ba6 21. b4 Rad8 22. Ra5 Be2 23. Rd2 b6 24. Re5 Bc4 25. Re4 f5 26. Rh4 e5 27. Rc2 Bb5 28. Bh3 Bd3 29. Rc3 Be4 30. Rxe4 exd4 31. Bxf5 dxc3 32. Bxd7 Rxd7 33. Rc4 Rd3 34. Kf1 1/2-1/2

[Event "Hereford"]
[Site "?"]
[Date "1982.??.??"]
[Round "4"]
[White "Poolake, M."]
[Black "Brameld, Arthur F"]
[Result "1/2-1/2"]
[WhiteElo "1925"]
[BlackElo "2200"]
[PlyCount "53"]
[EventDate "1982.??.??"]
[EventType "simul"]
[EventRounds "5"]

1. d4 f5 2. g3 g6 3. Bg2 Bg7 4. c3 Nf6 5. Qb3 c6 6. Nf3 Qb6 7. Qxb6 axb6 8. Nbd2 d6 9. O-O O-O 10. Re1 Nbd7 11. e4 fxe4 12. Nxe4 Nxe4 13. Rxe4 e5 14. dxe5 Nxe5 15. Nxe5 Bxe5 16. Bh6 Bg7 17. Bxg7 Kxg7 18. a3 Bf5 19. Re7+ Rf7 20. Rae1 Kf6 21. Rxf7+ Kxf7 22. f4 Re8 23. Rxe8 Kxe8 24. Kf2 Ke7 25. Ke3 d5 26. Bf3 h5 27. Kd4 1/2-1/2

[Event "Hereford"]
[Site "?"]
[Date "1982.??.??"]
[Round "5"]
[White "Brameld, Arthur F"]
[Black "Riley, C."]
[Result "1-0"]
[WhiteElo "2200"]
[BlackElo "1885"]
[PlyCount "71"]
[EventDate "1982.??.??"]
[EventType "simul"]
[EventRounds "5"]

1. e4 e5 2. f4 Bc5 3. Nf3 d6 4. Nc3 Nf6 5. Bc4 Nc6 6. d3 a6 7. f5 h6 8. Nd5 Nxd5 9. Bxd5 Ne7 10. Bb3 c6 11. Rf1 Qc7 12. Nh4 d5 13. f6 gxf6 14. Rxf6 Be6 15. Rxh6 O-O-O 16. Qh5 Rhg8 17. Bg5 Qb6 18. d4 exd4 19. O-O-O dxe4 20. Bxe6+ fxe6 21. Rxe6 Rd5 22. Ng6 Nxg6 23. Rxg6 Rf8 24. Qg4+ Kb8 25. Qxe4 Ka7 26. Qxd5 cxd5 27. Rxb6 Kxb6 28. g3 Rf2 29. Rh1 Kb5 30. Kb1 a5 31. h4 Rg2 32. Bf4 Kc4 33. h5 b5 34. h6 d3 35. cxd3+ Kb4 36. Be5 1-0

[Event "Ports Lge"]
[Site "?"]
[Date "1982.??.??"]
[Round "?"]
[White "Welch, Ian"]
[Black "Brameld, Arthur F"]
[Result "1-0"]
[WhiteElo "2150"]
[BlackElo "2200"]
[PlyCount "101"]
[EventDate "1982.??.??"]
[EventType "swiss"]

1. e4 e5 2. Nf3 Nc6 3. Bb5 f5 4. Nc3 fxe4 5. Nxe4 d5 6. Nxe5 dxe4 7. Nxc6 Qd5 8. c4 Qd6 9. Qh5+ g6 10. Qe5+ Qxe5 11. Nxe5+ c6 12. Ba4 Bg7 13. d4 exd3 14. Nxd3 Bf5 15. Nf4 Nh6 16. O-O O-O 17. c5 Rfe8 18. Bb3+ Kh8 19. h3 Rad8 20. Be3 Bxb2 21. Rad1 Ng8 22. g4 Bc8 23. Bf7 Rf8 24. Rxd8 Rxd8 25. Be6 Bxe6 26. Nxe6 Re8 27. Nd4 Re7 28. Rb1 Ba3 29. Nb3 h5 30. Na5 hxg4 31. Nc4 Rxe3 32. fxe3 Bxc5 33. Rxb7 gxh3 34. Ne5 Bxe3+ 35. Kh1 Nf6 36. Nxg6+ Kg8 37. Ne7+ Kf8 38. Ng6+ Kg8 39. Kh2 Nd5 40. Kxh3 a5 41. Kg4 Bd2 42. Kf5 Bb4 43. Ne5 Ne7+ 44. Ke6 Nd5 45. Nxc6 Nc3 46. Nxb4 axb4 47. Rxb4 Nxa2 48. Rc4 Kg7 49. Kd5 Kf6 50. Kc5 Ke5 51. Rc2 1-0

[Event "Ports Lge"]
[Site "?"]
[Date "1982.??.??"]
[Round "?"]
[White "Brameld, Arthur F"]
[Black "Bryan, Colin"]
[Result "1-0"]
[WhiteElo "2200"]
[BlackElo "1830"]
[PlyCount "53"]
[EventDate "1982.??.??"]
[EventType "swiss"]

1. e4 e6 2. d4 d5 3. Nc3 Nf6 4. Bg5 Be7 5. e5 Nfd7 6. Bxe7 Qxe7 7. f4 O-O 8. Nf3 c5 9. Qd2 Nc6 10. O-O-O a6 11. g4 f6 12. exf6 Qxf6 13. f5 Nxd4 14. Nxd4 cxd4 15. Qxd4 Qxd4 16. Rxd4 Ne5 17. Bg2 Nc6 18. Rdd1 exf5 19. Bxd5+ Kh8 20. Rhf1 f4 21. Bxc6 Bxg4 22. Bf3 Bxf3 23. Rxf3 g5 24. Rg1 Rg8 25. h4 h6 26. hxg5 hxg5 27. Rh3+ 1-0

[Event "CoshCh"]
[Site "?"]
[Date "1982.??.??"]
[Round "?"]
[White "Abercrombie, Forbes"]
[Black "Brameld, Arthur F"]
[Result "0-1"]
[WhiteElo "1790"]
[BlackElo "2200"]
[PlyCount "65"]
[EventDate "1982.??.??"]
[EventType "swiss"]

1. e4 Nf6 2. e5 Nd5 3. c4 Nb6 4. c5 Nd5 5. Bc4 e6 6. Nc3 Nxc3 7. dxc3 b6 8. cxb6 axb6 9. Nf3 d5 10. Bd3 Ba6 11. O-O Bxd3 12. Qxd3 Be7 13. Bf4 g5 14. Bg3 h5 15. h3 Nd7 16. b4 c5 17. a3 g4 18. hxg4 hxg4 19. Nh2 Bh4 20. Nxg4 Qg5 21. Nh2 Bxg3 22. Qxg3 Qxg3 23. fxg3 Nxe5 24. Ra2 Rg8 25. Kf2 cxb4 26. cxb4 Nd3+ 27. Kf3 Nxb4 28. Raa1 Nc2 29. Ra2 Nd4+ 30. Kf2 Nf5 31. g4 Nd6 32. Rb1 Ne4+ 33. Ke2 0-1

[Event "BrChQual"]
[Site "?"]
[Date "1982.??.??"]
[Round "?"]
[White "Brameld, Arthur F"]
[Black "Rossiter, Philip"]
[Result "1-0"]
[WhiteElo "2200"]
[BlackElo "1960"]
[PlyCount "39"]
[EventDate "1982.??.??"]
[EventType "simul"]
[EventRounds "2"]

1. e4 d6 2. d4 Nf6 3. Nc3 g6 4. f4 Bg7 5. Bd3 O-O 6. Nf3 Bg4 7. h3 Bxf3 8. Qxf3 Nc6 9. Qf2 e5 10. dxe5 dxe5 11. f5 Nd4 12. g4 gxf5 13. gxf5 h6 14. Be3 c6 15. O-O-O Qa5 16. Rhg1 Kh7 17. Qh4 Ng8 18. Rxg7+ Kxg7 19. Rg1+ Kh7 20. Qg4 1-0

[Event "Ports Lge"]
[Site "?"]
[Date "1982.??.??"]
[Round "?"]
[White "Wells, Peter K"]
[Black "Brameld, Arthur F"]
[Result "1/2-1/2"]
[WhiteElo "2320"]
[BlackElo "2200"]
[PlyCount "62"]
[EventDate "1982.??.??"]
[EventType "swiss"]

1. d4 Nf6 2. c4 e6 3. Nf3 c5 4. e3 d5 5. Nc3 Nc6 6. a3 a6 7. dxc5 dxc4 8. Qxd8+ Kxd8 9. Bxc4 Bxc5 10. b4 Bd6 11. Bb2 b5 12. Bd3 Ke7 13. O-O Bb7 14. Rfd1 Rhd8 15. Ne4 Nxe4 16. Bxe4 f5 17. Bc2 Rac8 18. Bb3 h6 19. Bxg7 Rg8 20. Bf6+ Kxf6 21. Rxd6 Nd8 22. Kf1 Rc3 23. Nd4 Ke7 24. Rd1 Bxg2+ 25. Ke2 f4 26. exf4 Bh3 27. f5 Rg2 28. f6+ Kxf6 29. Rxd8 Bg4+ 30. Kd2 Rh3 31. Bxe6 Bxe6 1/2-1/2

[Event "BrChQual"]
[Site "?"]
[Date "1982.??.??"]
[Round "?"]
[White "Brameld, Arthur F"]
[Black "Williams, P."]
[Result "1/2-1/2"]
[WhiteElo "2200"]
[BlackElo "1950"]
[PlyCount "106"]
[EventDate "1982.??.??"]
[EventType "simul"]
[EventRounds "2"]

1. e4 c6 2. d4 d5 3. exd5 cxd5 4. c4 Nf6 5. Nc3 e6 6. Nf3 Be7 7. c5 O-O 8. Bd3 b6 9. b4 a5 10. Na4 Nbd7 11. a3 axb4 12. axb4 bxc5 13. bxc5 e5 14. dxe5 Nxc5 15. exf6 Bxf6 16. Ra3 Qe8+ 17. Be2 Rxa4 18. O-O Be6 19. Qc2 Be7 20. Bb2 Rxa3 21. Bxa3 Ne4 22. Bxe7 Qxe7 23. Rc1 h6 24. Qa4 Rb8 25. Nd4 Qb4 26. Qxb4 Rxb4 27. Nxe6 fxe6 28. f3 Nf6 29. Bd3 Rb7 30. Bg6 Kf8 31. g4 Ke7 32. Kf2 Kd6 33. h4 d4 34. Rc4 e5 35. Kg3 Kd5 36. Rc8 Re7 37. Rd8+ Rd7 38. Rc8 Re7 39. Rd8+ Rd7 40. Rc8 Ra7 41. Rd8+ Ke6 42. Bf5+ Ke7 43. Rb8 Rc7 44. Rb5 Kd6 45. Rb6+ Kc5 46. Re6 Kd5 47. Ra6 Nd7 48. Be6+ Kc5 49. Bf5 Nb6 50. Ra5+ Kd6 51. Ra6 Kc6 52. Be4+ Kb5 53. Bd3+ Kc5 1/2-1/2

[Event "HLge"]
[Site "?"]
[Date "1982.??.??"]
[Round "?"]
[White "Knox, S."]
[Black "Brameld, Arthur F"]
[Result "0-1"]
[WhiteElo "2020"]
[BlackElo "2200"]
[PlyCount "64"]
[EventDate "1982.??.??"]
[EventType "swiss"]

1. e4 Nf6 2. e5 Nd5 3. d4 d6 4. Nf3 g6 5. Bc4 Nb6 6. Bb3 Bg7 7. Ng5 d5 8. f4 f6 9. Nf3 O-O 10. O-O Be6 11. c3 Qd7 12. Be3 Nc6 13. Nbd2 Na5 14. Qe2 Nac4 15. Nxc4 dxc4 16. Bc2 Bh6 17. Rad1 c6 18. h3 Nd5 19. Nh2 b5 20. a3 Rf7 21. Rf2 Raf8 22. Ng4 Bxg4 23. hxg4 fxe5 24. dxe5 Bxf4 25. Bxf4 Rxf4 26. Rxf4 Rxf4 27. e6 Qd6 28. Re1 Nf6 29. g5 Qc5+ 30. Qe3 Qxg5 31. Qe5 Qg3 32. Bd1 Qf2+ 0-1

[Event "NatClub"]
[Site "?"]
[Date "1982.??.??"]
[Round "?"]
[White "Brameld, Arthur F"]
[Black "Trifon, N."]
[Result "1-0"]
[WhiteElo "2200"]
[BlackElo "2230"]
[PlyCount "43"]
[EventDate "1982.??.??"]
[EventType "simul"]
[EventRounds "2"]

1. e4 c5 2. Nf3 Nc6 3. b4 Nxb4 4. c3 Nc6 5. d4 cxd4 6. cxd4 d6 7. d5 Ne5 8. Nxe5 dxe5 9. Bb2 e6 10. Bc4 Qa5+ 11. Nc3 Bb4 12. Qb3 b5 13. Bd3 a6 14. O-O Nf6 15. a4 Bxc3 16. Bxc3 Qb6 17. Bxe5 exd5 18. Bxf6 Qxf6 19. Qxd5 Rb8 20. axb5 O-O 21. bxa6 Rd8 22. a7 1-0

[Event "CoshCh"]
[Site "?"]
[Date "1982.??.??"]
[Round "?"]
[White "Brameld, Arthur F"]
[Black "Langley, Arthur"]
[Result "1/2-1/2"]
[WhiteElo "2200"]
[BlackElo "1605"]
[PlyCount "210"]
[EventDate "1982.??.??"]
[EventType "swiss"]

1. e4 c5 2. Nf3 d6 3. d4 cxd4 4. Qxd4 Nc6 5. Bb5 Bd7 6. Bxc6 Bxc6 7. Nc3 Nf6 8. Bg5 Qa5 9. O-O-O e5 10. Qd2 Be7 11. Rhe1 O-O-O 12. Kb1 h6 13. Nd5 Qxd2 14. Nxe7+ Kd7 15. Bxd2 Kxe7 16. Bb4 Ke6 17. Nd2 Nd7 18. Nc4 Nc5 19. f3 b6 20. Rd2 Rd7 21. Red1 Rhd8 22. Ne3 h5 23. Nd5 Bxd5 24. Rxd5 g5 25. c4 f6 26. Ba3 Ke7 27. b3 Ne6 28. Bc1 Nd4 29. Be3 Ne6 30. g3 Nc7 31. R5d3 Ne6 32. Kb2 Nc5 33. Rd5 Ne6 34. a4 Nc7 35. R5d2 Ne6 36. Ra1 Rb8 37. Kc3 Rc7 38. Rf2 a5 39. Rd1 Nc5 40. Rd5 Rd7 41. Rf1 Rg8 42. Kc2 Rb8 43. Rfd1 Rbd8 44. Rb1 Rc8 45. f4 g4 46. Rf1 Rf8 47. fxe5 fxe5 48. Rxf8 Kxf8 49. Rd1 Ke8 50. Rf1 Rf7 51. Rf5 Rxf5 52. exf5 Kf7 53. Bg5 Kf8 54. Bd8 Nd7 55. Kc3 Ke8 56. Bc7 Ke7 57. f6+ Kxf6 58. Bxd6 Kf5 59. b4 Ke6 60. Bc7 axb4+ 61. Kxb4 Kf5 62. Kb5 e4 63. Bf4 Ke6 64. Be3 Kd6 65. a5 bxa5 66. c5+ Kc7 67. c6 Nf6 68. Bb6+ Kc8 69. Bxa5 Nd5 70. Kc5 Ne3 71. Kd4 Nf1 72. Kxe4 Nxh2 73. Kf4 Nf3 74. Bb6 Kb8 75. Bd8 Kc8 76. Bb6 Kb8 77. Bd8 Kc8 78. c7 Kd7 79. Kf5 Kc8 80. Ke4 Kd7 81. Kf4 Kc8 82. Kf5 Kd7 83. Kg6 h4 84. gxh4 g3 85. h5 g2 86. c8=Q+ Kxc8 87. Bb6 Ne5+ 88. Kf5 Nd7 89. Be3 Kd8 90. h6 Nf8 91. Kf6 Ke8 92. Kg7 Ne6+ 93. Kg8 Nf8 94. Bf2 Ke7 95. Bc5+ Ke8 96. Ba7 Ke7 97. Bg1 Ke8 98. Bc5 Nd7 99. Bf2 Nf8 100. Kg7 Ne6+ 101. Kf6 Nf8 102. Be3 Nh7+ 103. Kf5 Kf7 104. Kf4 Kg6 105. Kf3 g1=Q 1/2-1/2

[Event "Ports Lge"]
[Site "?"]
[Date "1982.??.??"]
[Round "?"]
[White "Pavlovic, Tim"]
[Black "Brameld, Arthur F"]
[Result "1-0"]
[WhiteElo "2005"]
[BlackElo "2200"]
[PlyCount "109"]
[EventDate "1982.??.??"]
[EventType "swiss"]

1. e4 Nf6 2. e5 Nd5 3. d4 d6 4. Nf3 g6 5. Bc4 Nb6 6. Bb3 Bg7 7. Ng5 d5 8. f4 f6 9. Nf3 O-O 10. Nbd2 Be6 11. c3 Qd7 12. Bc2 Bf5 13. O-O Bxc2 14. Qxc2 Na6 15. Re1 Qg4 16. Nf1 fxe5 17. h3 Qf5 18. Qxf5 Rxf5 19. fxe5 c5 20. Ne3 Rff8 21. Bd2 Rac8 22. Rac1 Rc6 23. b3 Bh6 24. Nxd5 Bxd2 25. Nxe7+ Kf7 26. Nxc6 Bxc1 27. Nxa7 Bf4 28. Nb5 Rd8 29. Nd6+ Ke6 30. Nxb7 Rd5 31. Re4 Kf5 32. Re2 Nc8 33. g4+ Ke6 34. c4 Rd7 35. Nxc5+ Nxc5 36. dxc5 Ne7 37. b4 Rd1+ 38. Kf2 Nc6 39. b5 Nxe5 40. c6 Rc1 41. Nxe5 Bxe5 42. Re4 Rc2+ 43. Kf1 Rxa2 44. c7 Ra1+ 45. Ke2 Ra2+ 46. Kd1 Kd7 47. Rxe5 Kxc7 48. Re7+ Kb6 49. Rxh7 Kc5 50. Rc7+ Kd4 51. c5 Rh2 52. b6 Rxh3 53. b7 Rb3 54. c6 Kd3 55. Rd7+ 1-0

[Event "IntService"]
[Site "?"]
[Date "1982.??.??"]
[Round "?"]
[White "Brameld, Arthur F"]
[Black "Jones, Steve"]
[Result "1-0"]
[WhiteElo "2200"]
[BlackElo "2040"]
[PlyCount "97"]
[EventDate "1982.??.??"]
[EventType "simul"]
[EventRounds "2"]

1. e4 e5 2. f4 d5 3. exd5 c6 4. Qe2 cxd5 5. fxe5 Nc6 6. c3 d4 7. Nf3 Bf5 8. Qf2 Bc5 9. Nxd4 Bxb1 10. Rxb1 Qd5 11. Bb5 Qe4+ 12. Kd1 Qxb1 13. Qf3 Rc8 14. Nxc6 bxc6 15. Bxc6+ Kf8 16. Be4 Qxa2 17. Bd5 Qa4+ 18. b3 Qe8 19. Rf1 f6 20. d4 Rd8 21. Kc2 Rxd5 22. Qxd5 Be7 23. Kb2 Qc8 24. c4 Qa6 25. Kc2 Qa2+ 26. Bb2 Qa6 27. Ra1 Qb6 28. e6 g6 29. Qd7 Qb8 30. g3 h5 31. Rxa7 Rh7 32. Rc7 Qb4 33. Rc8+ Kg7 34. Qe8 Rh8 35. Qf7+ Kh6 36. Bc1+ g5 37. Rxg8 Rxg8 38. Qxg8 Qb7 39. Qh8+ Kg6 40. d5 Qa7 41. Qg8+ Kf5 42. Qh7+ Ke5 43. Bb2+ Kd6 44. Qf5 Qg1 45. Ba3+ Kc7 46. Bxe7 Qxh2+ 47. Kc3 Qxg3+ 48. Kb4 Qe1+ 49. Kb5 1-0

[Event "ColeCup"]
[Site "?"]
[Date "1982.??.??"]
[Round "?"]
[White "Brameld, Arthur F"]
[Black "Davies, M."]
[Result "1-0"]
[WhiteElo "2200"]
[BlackElo "2720"]
[PlyCount "51"]
[EventDate "1982.??.??"]
[EventType "game"]

1. e4 c6 2. d4 d5 3. exd5 cxd5 4. c4 e6 5. Nc3 Nf6 6. Nf3 Be7 7. c5 O-O 8. b4 a6 9. Bd3 Bd7 10. O-O b6 11. Rb1 Nc6 12. Re1 bxc5 13. bxc5 Qc7 14. g3 Rfb8 15. Rxb8+ Qxb8 16. Na4 Bd8 17. Bf4 Qb7 18. a3 Na5 19. Qc2 Bxa4 20. Qxa4 Nc6 21. Rb1 Qc8 22. Kg2 Be7 23. Rb6 Nd8 24. Ne5 Nd7 25. Nxd7 Qxd7 26. Qxd7 1-0

[Event "Ports Lge"]
[Site "?"]
[Date "1983.??.??"]
[Round "?"]
[White "Brameld, Arthur F"]
[Black "Wheeler, John F"]
[Result "1-0"]
[WhiteElo "2200"]
[BlackElo "2175"]
[PlyCount "57"]
[EventDate "1983.??.??"]
[EventType "swiss"]

1. e4 e6 2. d4 d5 3. Nc3 Bb4 4. Nge2 dxe4 5. a3 Be7 6. Nxe4 Nd7 7. N2c3 Ngf6 8. Bd3 O-O 9. O-O c5 10. Nxc5 Nxc5 11. dxc5 Bxc5 12. Bg5 Be7 13. Qf3 Bd7 14. Qxb7 Rb8 15. Qxa7 Bc6 16. Rfd1 Rb7 17. Qe3 Qc7 18. b4 Ra8 19. Bf4 Qc8 20. Qh3 g6 21. Be5 Rba7 22. b5 Bb7 23. a4 Qc5 24. Re1 Nd7 25. Bxg6 fxg6 26. Qxe6+ Kf8 27. Qxd7 Bxg2 28. Qd2 Bh3 29. Qh6+ 1-0

[Event "BrChQual"]
[Site "?"]
[Date "1983.??.??"]
[Round "?"]
[White "Miller, G."]
[Black "Brameld, Arthur F"]
[Result "0-1"]
[WhiteElo "1910"]
[BlackElo "2200"]
[PlyCount "68"]
[EventDate "1983.??.??"]
[EventType "swiss"]

1. e4 Nf6 2. Nc3 d5 3. e5 Ne4 4. d4 Nxc3 5. bxc3 c5 6. Nf3 Nc6 7. Be2 Bg4 8. O-O e6 9. Rb1 Rb8 10. Be3 Be7 11. Ne1 Bxe2 12. Qxe2 Qa5 13. f4 Qxc3 14. Rb3 Nxd4 15. Bxd4 Qxd4+ 16. Kh1 c4 17. Rg3 g6 18. c3 Qc5 19. Nf3 b5 20. Ng5 b4 21. Nxf7 Kxf7 22. f5 exf5 23. e6+ Kg7 24. Rxf5 Rhf8 25. Qe5+ Bf6 26. Rxf6 Rxf6 27. Rf3 Qe7 28. Qxb8 Rxf3 29. gxf3 bxc3 30. Qe5+ Qf6 31. Qxd5 c2 32. Qd7+ Kg8 33. Qc8+ Qf8 34. Qxc4 Qxf3+ 0-1

[Event "BrChQual"]
[Site "?"]
[Date "1983.??.??"]
[Round "?"]
[White "Brameld, Arthur F"]
[Black "Jones, J E"]
[Result "1-0"]
[WhiteElo "2200"]
[BlackElo "2085"]
[PlyCount "69"]
[EventDate "1983.??.??"]
[EventType "swiss"]

1. e4 d5 2. exd5 Nf6 3. c4 c6 4. d4 cxd5 5. Nc3 g6 6. Qb3 Bg7 7. cxd5 O-O 8. Be2 a5 9. Bf3 Na6 10. a3 Nc7 11. Bf4 Nfe8 12. Nge2 Nd6 13. O-O Bd7 14. Rfe1 a4 15. Qa2 Ncb5 16. Rad1 Qb6 17. Be5 Bh6 18. Ne4 Nxe4 19. Bxe4 Nd6 20. Bd3 Rac8 21. Nc3 Nf5 22. d6 Nxd6 23. Nd5 Qd8 24. Bxd6 exd6 25. Ne7+ Kg7 26. Nxc8 Bxc8 27. Qc4 Qg5 28. Qxa4 Be6 29. Be4 d5 30. Bf3 Qf4 31. Qb3 Rc8 32. Qxb7 Rc2 33. Rxe6 Rxf2 34. Kxf2 Qh4+ 35. Ke2 1-0

[Event "NatClubPlate"]
[Site "?"]
[Date "1983.??.??"]
[Round "?"]
[White "Tan, S."]
[Black "Brameld, Arthur F"]
[Result "1-0"]
[WhiteElo "2110"]
[BlackElo "2200"]
[PlyCount "65"]
[EventDate "1983.??.??"]
[EventType "game"]

1. d4 f5 2. g3 g6 3. Bg2 Bg7 4. Nh3 Nf6 5. c3 O-O 6. Qb3+ e6 7. Bxb7 Bxb7 8. Qxb7 Nc6 9. Qb3 Nd5 10. O-O h6 11. Na3 g5 12. Qc2 Qe8 13. f3 Qh5 14. Nf2 Rf7 15. Nc4 Raf8 16. Ne3 Nxe3 17. Bxe3 Bf6 18. Nd3 Ne7 19. Rae1 Nd5 20. Bf2 Rg7 21. e4 Nf4 22. Be3 Nh3+ 23. Kh1 Be7 24. Qg2 Rgf7 25. Ne5 Rg7 26. Nxd7 g4 27. Nxf8 Bxf8 28. fxg4 Rxg4 29. Bf4 fxe4 30. Qxe4 Rg6 31. Bxc7 Be7 32. Qf3 Rg4 33. Re4 1-0